| 000 | 00353nam a22001337a 4500 | ||
|---|---|---|---|
| 020 | _a43491911X | ||
| 082 | _a338.544COR. | ||
| 245 | _aCorporate strategy and planning. | ||
| 260 |
_aLondon. _bBernars Taylor and John R Sparkes. _c1977. |
||
| 300 |
_axii, 402p. _bill.; 20cm. |
||
| 500 | _aIncludes index. | ||
| 650 | _aCorporate strategy. | ||
| 942 | _cBK | ||
| 999 |
_c13401 _d13401 |
||